{"text_format":"3","workbook":"xlsx","n_sheets":1,"sheets":["（采购明细）"],"read":"whole","date_system":"1900"}

{"sheet":"（采购明细）","index":0,"n_rows":56,"n_cols":8,"rows_kept":56,"merged":[[0,0,0,6],[46,0,46,5],[46,6,46,7],[47,0,47,6],[48,0,48,10]]}
["淮安生物工程高等职业学校 2025-2026-2 计算机工程系耗材明细表"]
["序号","耗材品名","型号规格","单位","数量","参考单价（元）","单项控制价（元）","详细用途"]
[1,"DT832数字万用表","DT832","块",20,18,{"$f":"E3*F3","v":360},"实验实训耗材"]
[2,"方块电池碱性","南孚6LR61","块",20,11,{"$f":"E4*F4","v":220},"实验实训耗材"]
[3,"面包版套件","830孔+65条杜邦线+ 5号三节电池盒。","块",20,14,280,"实验实训耗材"]
[4,"1.5V电池","5号南孚圆柱形LR6","粒",60,2,120,"实验实训耗材"]
[5,"电脑硬盘","三星500GB SSD固态硬盘 SATA3.0接口 870 EVO","个",1,840,840,"实验实训耗材"]
[6,"宝工 桌面数显烟雾净化器（焊接吸烟器）","京东 宝工 桌面数显烟雾净化器 焊接焊锡维修排烟吸烟器 SS-596G","个",1,330,330,"实验实训耗材"]
[7,"宝工 桌面数显烟雾净化器 SS-596G 耗材","第1层 初效过滤棉 5SS-596-F1","个",10,10,100,"实验实训耗材"]
[8,"宝工 桌面数显烟雾净化器 SS-596G 耗材","第2层 HEPA高效微粒过滤网 5SS-596-F2","个",2,45,90,"实验实训耗材"]
[9,"宝工 桌面数显烟雾净化器 SS-596G 耗材","第3层 活性炭除醛祛味网 5SS-596-F3","个",2,50,100,"实验实训耗材"]
[10,"学习认识50种电子元器件","淘宝 纳多威电子套件 DIY散件分立元器件教学实训练习","套",16,10,160,"实验实训耗材"]
[11,"焊接实训电子元器件焊接练习板散件","天猫 TOUGLESY旗舰店 电路板制作diy学生焊接实训电子元器件焊接练习板散件 6款两用套装+65根跳线+140根盒装线","套",16,55,880,"实验实训耗材"]
[12,"焊接实训电子元器件焊接练习板散件","天猫 TOUGLESY旗舰店 电路板制作diy学生焊接实训电子元器件焊接练习板散件 电木洞洞板6件套组合","套",32,15,480,"实验实训耗材"]
[13,"FM调频收音机组装套件diy焊接实训套装","京东 DZYJ FM调频收音机组装套件diy焊接51单片机实验电子制作实训练习套装 升级款5807收音机散件+外壳","套",16,30,480,"实验实训耗材"]
[14,"光纤熔接机","赛纤光纤熔接机A-5","套",1,1588,1588,"实验实训耗材"]
[15,"超5类网线","安普超五类网线0.52铜包银","箱",2,130,260,"实验实训耗材"]
[16,"ZIGBEE下载器","ZigBee下载器 SmartRF04EB仿真器","套",30,16.5,495,"实验实训耗材"]
[17,"腾达桌面交换机","腾达桌面5口千兆交换机","个",8,30,240,"实验实训耗材"]
[18,"无线路由器","TP-LINK WDR5620全千兆双频无线路由器","台",3,140,420,"实验实训耗材"]
[19,"水晶头","超五类RJ45 8芯网线水晶头","盒",8,25,200,"实验实训耗材"]
[20,"闪迪U盘","闪迪64G U盘 CZ73","个",20,65,1300,"实验实训耗材"]
[21,"音箱","惠普dhs-2111有线外接小音响usb接口","个",3,24,72,"实验实训耗材"]
[22,"稳定器","DJI Osmo Mobile 8套装（含DJI Mic Mini发射器）","套",2,900,1800,"实验实训耗材"]
[23,"延长杆","影石114CM延长杆","个",1,130,130,"实验实训耗材"]
[24,"视频采集卡","绿联1080P60HZ采集4K60HZ环出，铝壳款","个",2,260,520,"实验实训耗材"]
[25,"高清线","绿联HDMI4K/60HZ高清线,8米","根",2,100,200,"实验实训耗材"]
[26,"555定时器","NE555,5v,  0-60年延时模块","块",5,20,100,"技能大赛耗材"]
[27,"起子配件","BOSCH IXO7工具4件套（偏角、转角、切割、钻头）","套",1,320,320,"技能大赛耗材"]
[28,"电动起子","牧蓝棘轮扳手单电标配","个",1,170,170,"技能大赛耗材"]
[29,"螺丝","白色M8×65杆+母","套",100,0.4,40,"技能大赛耗材"]
[30,"电源线","安普百盛纯铜0.5mm红黑线100m","捆",30,36,1080,"技能大赛耗材"]
[31,"电源线","0.3mm黄线100m","捆",30,35,1050,"技能大赛耗材"]
[32,"电源线","0.3mm蓝线100m","捆",30,35,1050,"技能大赛耗材"]
[33,"水晶头","飞利浦超五类rj45/100个","盒",30,55,1650,"技能大赛耗材"]
[34,"翻页笔","得力翻页笔MA116充电款","只",5,80,400,"技能大赛耗材"]
[35,"网线","飞利浦6类千兆网线305m/箱","箱",5,850,4250,"考工耗材"]
[36,"固态盘","sandiskE30/480G","个",3,600,1800,"考工耗材"]
[37,"台式电脑的机械硬盘","西数1TB/10143328272302","块",15,150,2250,"考工耗材"]
[38,"联想电脑电源","联想电脑电源FSP280-40PA","个",30,70,2100,"考工耗材"]
[39,"绿联万兆光模块 ","绿联万兆光模块 10G多模双纤SFP+光模块 850nm波长","个",4,440,1760,"机房维护"]
[40,"CPU","酷睿 i5 8400","片",1,390,390,"机房维护"]
[41,"公牛插排","公牛新国标插排GN-B2080 8位总控开关","件",40,60,2400,"机房维护"]
[42,"键鼠套装"," AOC KM151有线键鼠套装","套",40,40,1600,"机房维护"]
[43,"机械硬盘","WD10EZEX机械单碟蓝盘1TB","个",10,280,{"$f":"E45*F45","v":2800},"机房维护"]
[44,"起子","得力合金螺丝批2件套(十字、一字)S2合金钢U强磁力150MM","套",4,19,76,"机房维护"]
["总控制价（元）：",{"$nulls":5},{"$f":"SUM(G3:G46)","v":36951}]
[]
["注：1.此表单价为参考价格，报价不得超过控制价；2.可将此表修改为报价单，但其中序号、耗材品名、型号规格、单位、数量不得修改。"]
[]
[]
[]
[]
[]
[]
[null,null," "]